| 000 | 00850nam a2200241 a 4500 | ||
|---|---|---|---|
| 005 | 20210219160412.0 | ||
| 008 | 081105s2000 mx r 000 0 spa d | ||
| 020 | _a8481644293 (Editorial Trotta) | ||
| 020 | _a9233037681 | ||
| 035 | _aUPN01000164950 | ||
| 049 | _aUNE | ||
| 080 | _a895.6 "2000" CHI. | ||
| 100 | 1 | _aChikamatsu, Monzaemon | |
| 245 | 1 | 4 |
_aLos Amantes suicidas de Amijima / _cpor Monzaemon Chikamatsu; traducción del japonés y edición de Jaime Fernández. |
| 260 |
_aParís : _bUNESCO; _aMadrid : _bEditorial Trotta, _c2000. |
||
| 300 | _a131 p. | ||
| 440 | 0 | _aColección UNESCO de obras representativas: Serie lejano ori- | |
| 690 | _aObras literarias representativas- Novelas | ||
| 690 | _aJapón- Obras literarias representativas- Novelas | ||
| 700 | 1 | _aFernández, Jaime, Tra. | |
| 710 | 2 | _aUNESCO | |
| 905 | _aUNESCO | ||
| 999 |
_c137062 _d137062 |
||